Statistics for Pokemon TMs Gen 2

Click here to take the quiz!

General Stats

  • This quiz has been taken 9 times
  • The average score is 50 of 50

Answer Stats

HintAnswer% Correct
TM45 - Normal Type Infatuate Enemy PKMN of opposite genderAttract
100%
TM14 - Ice Type PWR 120 Acc 70% Chance to freeze enemy.Blizzard
100%
TM03 - ??? Type +1 atk def -1 SpdCurse
100%
TM40 - Normal Type Raise Def 1 StageDefense Curl
100%
TM43 - Fighting Type Dodge All Enemy AttacksDetect
100%
TM28 - Ground Type PWR 60 Acc 100% Two turn move.Dig
100%
TM32 - Normal Type Raise EvasionDouble-Team
100%
TM24 - Dragon Type PWR 60 Acc 100% Chance to paralyze enemy.Dragon Breath
100%
TM42 - Psychic Type PWR 100 Acc 100% Only usable on sleeping pokemon, steals 1/2 damage as HP.Dream Eater
100%
TM01 - Fighting Type PWR 100 Acc 50% Always confuses enemy.Dynamicpunch
100%
TM26 - Ground Type PWR 100 Acc 100% Double damage to enemy underground.Earthquake
100%
TM20 - Normal Type Leave User with 1 HPEndure
100%
TM38 - Fire Type PWR 120 Acc 85% Chance to burn enemy.Fire Blast
100%
TM48 - Fire Type PWR 75 Acc 100% Chance to burn enemy.Fire Punch
100%
TM21 - Normal Type PWR Varies with Friendship Acc 100% No additional effect.Frustration
100%
TM49 - Bug Type PWR 10 Acc 95% Doubles in power after each successive hit.Fury Cutter
100%
TM19 - Grass Type PWR 60 Acc 100% User gains 1/2 damage as HP.Giga Drain
100%
TM02 - Normal Type PWR 70 Acc 100% Chance to flinch enemy.Headbutt
100%
TM10 - Type Varies PWR 30-70 Acc 100% No additional effects.Hidden Power
100%
TM15 - Normal Type PWR 150 Acc 90% User must recharge after use.Hyper Beam
100%
TM33 - Ice Type PWR 75 Acc 100% Chance to freeze enemy.Ice Punch
100%
TM16 - Ice Type PWR 55 Acc 95% Lowers enemy speed.Icy Wind
100%
TM23 - Steel Type PWR 100 Acc 75% Chance to lower enemy defense.Iron Tail
100%
TM31 - Ground Type PWR 20 Acc 100% Always lowers enemy accuracy.Mud-Slap
100%
TM50 - Ghost Type PWR 1/4 HP per turn at end Acc 100% Only usable on sleeping pokemon.Nightmare
100%
TM17 - Normal Type Stops All MovesProtect
100%
TM29 - Psychic Type PWR 90 Acc 100% Chance to lower enemy special defense.Psychic
100%
TM09 - Psychic Type Copy Enemy Stat-UpsPsych up
100%
TM18 - Water Type Boost Water Moves 5 TurnsRain Dance
100%
TM44 - Psychic Type Recover All HP and SleepRest
100%
TM27 - Normal Type PWR Varies with Friendship Acc 100% No additional effects.Return
100%
TM05 - Normal Type Force Opponent SwitchRoar
100%
TM08 - Fighting Type PWR 20 Acc 100%. 50% Chance to reduce enemy defense.Rock Smash
100%
TM04 - Rock Type PWR 30 Acc 90% Doubles in power every turn it hits.Rollout
100%
TM37 - Ground Type Damage all non rock/steel/ground types for 5 turnsSandstorm
100%
TM30 - Ghost Type PWR 80 Acc 100% Chance to lower enemy special defense.Shadowball
100%
TM35 - Normal Type Use random move while asleepSleeptalk
100%
TM36 - Poison Type PWR 90 Acc 100% Chance to poison enemy.Sludge Bomb
100%
TM13 - Normal Type PWR 40 Acc 100% Only usable while asleep.Snore
100%
TM22 - Grass Type PWR 120 Acc 100% Turn 1 charge. Turn 2 fire.Solarbeam
100%
TM47 - Steel Type PWR 70 Acc 90% Chance to raise users defense.Steel Wing
100%
TM11 - Fire Type Boost Fire Moves 5 TurnsSunny Day
100%
TM34 - Normal Type Raise Enemy Attack by 2 Stages and ConfuseSwagger
100%
TM12 - Grass Type Reduce Enemy EvasionSweet Scent
100%
TM39 - Normal Type PWR 60 Acc Never MissesSwift
100%
TM46 - Dark Type PWR 40 Acc 100% Can steal enemy items.Thief
100%
TM25 - Electric Type PWR 120 Acc 70% Chance to paralyze enemy.Thunder
100%
TM41 - Electric Type PWR 75 Acc 100% Chance to paralyze enemy.Thunderpunch
100%
TM06 - Poison Type Acc 90% Badly PoisonsToxic
100%
TM07 - Electric Type PWR 100 Acc 50% Always paralyzes enemy.Zap Cannon
100%

Score Distribution

Percentile by Number Answered

Percent of People with Each Score

Your Score History

You have not taken this quiz